[Event "London Chess Classic FIDE Open"]
[Site "London ENG"]
[Date "2010.12.13"]
[Round "6"]
[White "Owen, Dennis"]
[Black "Staneland, Peter E"]
[Result "1-0"]
[WhiteElo "2045"]
[BlackElo "1787"]
[WhiteFideId "470830"]
[BlackFideId "416576"]
[EventDate "2010.12.08"]

1. e4 e6 2. d4 d5 3. e5 c5 4. c3 Nc6 5. Nf3 Qb6 6. a3 c4 7. g3 Bd7 8. Bg2 f6 9.
exf6 Nxf6 10. Qe2 Bd6 11. Ne5 Qc7 12. Nxd7 Qxd7 13. Bh3 Nd8 14. O-O O-O 15. f4
Re8 16. Nd2 Qf7 17. Nf3 Ne4 18. Ne5 Qe7 19. Bg2 Nf6 20. Bd2 Nc6 21. Rae1 Qc7 22.
Bh3 Ne4 23. Bc1 Re7 24. Bg2 Nf6 25. Ng4 Rf8 26. Nxf6+ Rxf6 27. Rf3 Qb6 28. Re3
Kf7 29. Qc2 h6 30. Rf1 Qc7 31. f5 e5 32. Bxd5+ Kf8 33. Bxc4 exd4 34. Rxe7 Qxe7
35. cxd4 Nxd4 36. Qd3 Bc5 37. Kg2 Qe5 38. b4 Bb6 39. Bf4 Qe8 40. g4 Qc6+ 41. Kg3
Qd7 42. Qe4 Bc7 43. Re1 Bxf4+ 44. Qxf4 Rc6 45. Be6 Qc7 46. Re3 Nxe6 47. fxe6+
Qxf4+ 48. Kxf4 Ke7 49. Kf5 a6 50. Kg6 Rc2 51. h3 Rg2 52. Kxg7 h5 53. Re4 Rg3 54.
Kh6 hxg4 55. hxg4 Rxa3 56. g5 Rh3+ 57. Kg6 b6 58. Kf5 a5 59. bxa5 bxa5 60. Ra4
Rf3+ 61. Kg6 Kxe6 62. Rxa5 Rf8 63. Kg7 Rf7+ 64. Kg6 Rf8 65. Ra6+ Ke5 66. Kg7 Rf2
67. Rf6 Rh2 68. g6 Rh3 69. Kf7 Rh6 70. Rf1 Rh3 71. g7 Rh7 72. Kg6 Rh2 73. g8=Q
Rg2+ 74. Kf7 1-0

[Event "London Chess Classic FIDE Open"]
[Site "London ENG"]
[Date "2010.12.13"]
[Round "6"]
[White "Schmitz, Tim"]
[Black "Hadi, Justin"]
[Result "0-1"]
[WhiteElo "1934"]
[BlackElo "2043"]
[WhiteFideId "1270221"]
[BlackFideId "409154"]
[EventDate "2010.12.08"]

1. e4 Nc6 2. d4 d5 3. exd5 Qxd5 4. Nf3 Bg4 5. Be2 O-O-O 6. c4 Qh5 7. Be3 Nf6 8.
Nc3 e5 9. d5 e4 10. Nd2 Ne5 11. Bxg4+ Nexg4 12. Qe2 Ne5 13. Qxh5 Nxh5 14. O-O-O
f5 15. g3 Bb4 16. Kc2 a6 17. a3 Be7 18. h4 Bf6 19. Ne2 Nd3 20. Rb1 Rhe8 21. Nb3
Ne5 22. Nd2 b5 23. b3 Nd3 24. Nd4 Bxd4 25. Bxd4 Nxf2 26. Bxf2 e3 27. Bxe3 Rxe3
28. g4 fxg4 29. Rbe1 Rde8 30. Rxe3 Rxe3 31. Nf1 Re1 32. Kd2 Ra1 33. Kc3 bxc4 34.
Kxc4 Nf6 35. Ng3 Rxh1 36. Nxh1 Ne4 37. Kd4 g3 38. Nxg3 Nxg3 39. Ke5 Kd7 40. b4
Ne2 41. a4 Nc3 42. b5 Nxb5 43. axb5 axb5 0-1

[Event "London Chess Classic FIDE Open"]
[Site "London ENG"]
[Date "2010.12.13"]
[Round "6"]
[White "Calvert, D Ian"]
[Black "Keuneke, Hanno"]
[Result "1-0"]
[WhiteElo "1981"]
[BlackElo "1745"]
[WhiteFideId "406368"]
[BlackFideId "4609271"]
[EventDate "2010.12.08"]

1. b3 e5 2. Bb2 Nc6 3. e3 d6 4. Nf3 Nf6 5. d4 e4 6. d5 Nb4 7. Nfd2 Bg4 8. Bxf6
Bxd1 9. Bxd8 Bg4 10. Na3 Rxd8 11. c3 Nxd5 12. Nxe4 Nxe3 13. fxe3 d5 14. Nf2 Bxa3
15. Nxg4 Bb2 16. Rd1 Bxc3+ 17. Ke2 f5 18. Nf2 O-O 19. g3 c6 20. Bg2 Rde8 21. Rd3
Ba5 22. a3 f4 23. gxf4 Rxf4 24. Rf1 Bb6 25. Kd2 Rf7 26. Nd1 Bc7 27. Rxf7 Kxf7
28. h3 g5 29. Nf2 h5 30. e4 Bb6 31. exd5 Bxf2 32. Rf3+ Kg6 33. Rxf2 cxd5 34. Kd3
Re1 35. Bxd5 Rd1+ 36. Kc4 Rc1+ 37. Kd4 Rd1+ 38. Ke5 Re1+ 39. Be4+ Kg7 40. Kf5 g4
41. hxg4 hxg4 42. Rg2 Re3 43. Rxg4+ Kf8 44. Bd5 Rd3 45. Ke6 b5 46. Kd6 1-0

[Event "London Chess Classic FIDE Open"]
[Site "London ENG"]
[Date "2010.12.13"]
[Round "6"]
[White "Cork, David J"]
[Black "Seymour, Timothy P"]
[Result "0-1"]
[WhiteElo "1841"]
[BlackElo "2052"]
[WhiteFideId "409723"]
[BlackFideId "412112"]
[EventDate "2010.12.08"]

1. e4 Nf6 2. e5 Nd5 3. d4 d6 4. c4 Nb6 5. f4 Bf5 6. Be3 e6 7. Nf3 dxe5 8. Nxe5
Be7 9. Nc3 c6 10. Qb3 Qc7 11. O-O-O N8d7 12. Be2 Nxe5 13. dxe5 h5 14. h3 h4 15.
Bf3 g5 16. Be4 Rg8 17. Bxf5 exf5 18. c5 Nd7 19. e6 fxe6 20. Qxe6 Rg7 21. Qxf5
O-O-O 22. fxg5 Qg3 23. Rd3 Bxg5 24. Bxg5 Rxg5 25. Qh7 Qf4+ 26. Kb1 Rxg2 27. Rhd1
Qf2 28. Na4 Qc2+ 29. Ka1 Rd2 30. R3xd2 Qxh7 31. Nc3 Qf5 32. Rd3 Rg8 33. Ne4 Qxe4
34. Rxd7 Qf5 35. R7d4 Qxh3 0-1

[Event "London Chess Classic FIDE Open"]
[Site "London ENG"]
[Date "2010.12.13"]
[Round "6"]
[White "Burnham, Frank"]
[Black "Vachtfeidl, Petr"]
[Result "1-0"]
[WhiteElo "1750"]
[BlackElo "2038"]
[WhiteFideId "419516"]
[BlackFideId "315028"]
[EventDate "2010.12.08"]

1. e4 c5 2. b4 cxb4 3. a3 Nf6 4. e5 Nd5 5. axb4 Nc6 6. Nf3 Ncxb4 7. Bc4 e6 8.
Ba3 Be7 9. c3 Nc6 10. Bxd5 exd5 11. d4 d6 12. Qe2 O-O 13. O-O dxe5 14. Nxe5 Nxe5
15. Qxe5 Bxa3 16. Nxa3 Re8 17. Qg3 Bd7 18. Nc2 a5 19. Rfb1 Bf5 20. Rb2 Bxc2 21.
Rxc2 b5 22. Qd3 Qb6 23. Rb2 b4 24. cxb4 axb4 25. Rab1 Ra4 26. g3 g6 27. Qd2 Rb8
28. h4 h5 29. Kg2 Kg7 30. Rb3 Qb5 31. Qf4 Re8 32. Rf3 Qd7 33. Qf6+ Kg8 34. Qb6
Qe6 35. Rxb4 Qxb6 36. Rxb6 Rxd4 37. Rd6 Re6 38. Rd7 f5 39. Ra3 f4 40. Ra8+ 1-0

[Event "London Chess Classic FIDE Open"]
[Site "London ENG"]
[Date "2010.12.13"]
[Round "6"]
[White "Bratteteig, Tore-Inge"]
[Black "Kane, Robert"]
[Result "0-1"]
[WhiteElo "1656"]
[BlackElo "1875"]
[WhiteFideId "1510711"]
[BlackFideId "420468"]
[EventDate "2010.12.08"]

1. c4 Nf6 2. Nc3 c6 3. e4 e5 4. Nf3 d6 5. h3 c5 6. Bd3 Nc6 7. O-O Nh5 8. Bc2 Nf4
9. Kh2 g5 10. d3 g4 11. Bxf4 exf4 12. hxg4 Bxg4 13. Ba4 Rg8 14. Nd5 Bh6 15. b4
Kf8 16. Bxc6 bxc6 17. Nc3 cxb4 18. Na4 Qa5 19. Rh1 Bxf3 20. Qxf3 Qxa4 21. d4 Re8
22. Kg1 Re6 23. Rb1 a5 24. d5 Reg6 25. Rh2 c5 26. e5 Qxa2 27. Rd1 Qa3 28. Rd3
Qa1+ 29. Rd1 Qxe5 30. Kf1 Kg7 31. Re1 Qc3 32. Qe4 Qf6 33. Rh5 Rg5 34. Rh4 Re5
35. Rg4+ Kh8 36. Rxg8+ Kxg8 37. Qb1 Bg7 38. Rxe5 Qxe5 39. Qa2 Qa1+ 0-1

[Event "London Chess Classic FIDE Open"]
[Site "London ENG"]
[Date "2010.12.13"]
[Round "6"]
[White "Siddiqui, Nida Mishraz"]
[Black "Miu, Marinel"]
[Result "1/2-1/2"]
[WhiteElo "1791"]
[BlackElo "1582"]
[WhiteFideId "7800495"]
[BlackFideId "1220691"]
[EventDate "2010.12.08"]

1. e4 e6 2. d4 d5 3. Nc3 Nf6 4. e5 Nfd7 5. Nf3 Be7 6. Bd3 a6 7. O-O c5 8. Re1 c4
9. Bf1 b5 10. b3 Bb4 11. Bd2 Qa5 12. a3 Bxc3 13. b4 Qc7 14. Bxc3 Nb6 15. Nd2 Na4
16. Re3 h5 17. Nb1 Nc6 18. Be1 Ne7 19. Nc3 Nf5 20. Rh3 Nxc3 21. Bxc3 g6 22. g4
Ng7 23. Be2 h4 24. Bd2 Qe7 25. Qc1 Bb7 26. Bg5 Qf8 27. Bxh4 Kd7 28. Qe3 Qg8 29.
Bf6 Rh7 30. a4 Bc6 31. axb5 Bxb5 32. c3 Ne8 33. Rxh7 Qxh7 34. Bg5 Nc7 35. Qf3
Rh8 36. h4 Kc6 37. Bf6 Re8 38. Kg2 Ra8 39. Bd1 Kb6 40. Bc2 Qg8 41. Ra5 Re8 42.
Kf1 Kb7 43. h5 Ra8 44. h6 Ne8 45. Bg5 Kb6 46. Kg2 Ra7 47. Ra1 Qh8 48. Rh1 Qh7
49. Bf6 Rd7 50. g5 Ra7 1/2-1/2

[Event "London Chess Classic FIDE Open"]
[Site "London ENG"]
[Date "2010.12.13"]
[Round "6"]
[White "Kumar, Shankar"]
[Black "Kazmierczak, Ewa"]
[Result "1-0"]
[WhiteElo "1795"]
[BlackElo "1422"]
[WhiteFideId "15600149"]
[BlackFideId "1154877"]
[EventDate "2010.12.08"]

1. Nf3 Nf6 2. c4 c5 3. g3 g6 4. Bg2 Bg7 5. Nc3 O-O 6. O-O d6 7. d4 Nc6 8. h3 Re8
9. d5 Na5 10. Qd3 e5 11. e4 h6 12. Ne1 a6 13. f4 Nh7 14. fxe5 Rxe5 15. Bf4 Re8
16. g4 Bd4+ 17. Kh1 Bg7 18. Nf3 Qe7 19. Rae1 g5 20. Bh2 Qc7 21. e5 dxe5 22. d6
Rd8 23. Qxh7+ Kxh7 24. dxc7 Rd7 25. Nxe5 Bxe5 26. Bxe5 Nxc4 27. Bf6 Nd2 28. Rf2
Rd6 29. Re8 1-0

[Event "London Chess Classic FIDE Open"]
[Site "London ENG"]
[Date "2010.12.13"]
[Round "7"]
[White "Jones, Gawain C B"]
[Black "Williams, Simon K"]
[Result "1-0"]
[WhiteTitle "GM"]
[BlackTitle "GM"]
[WhiteElo "2575"]
[BlackElo "2493"]
[WhiteFideId "409561"]
[BlackFideId "404454"]
[EventDate "2010.12.08"]

1. e4 e6 2. d4 d5 3. Nd2 Nf6 4. e5 Nfd7 5. Bd3 c5 6. c3 Nc6 7. Ngf3 Be7 8. O-O
g5 9. Bb5 Qb6 10. Ba4 cxd4 11. Nxd4 Nxd4 12. cxd4 Qxd4 13. Qc2 g4 14. Re1 Kd8
15. b4 Bxb4 16. Rb1 Nc5 17. Nb3 Qc4 18. Bg5+ Kc7 19. Rec1 Nxa4 20. Qxc4+ dxc4
21. Rxc4+ Kb8 22. Rxb4 Nc3 23. Rb2 Nd5 24. Rxg4 Rg8 25. h3 b6 26. f4 Kc7 27. Rh4
Rh8 28. Rh6 Ba6 29. f5 Rag8 30. Bf6 Nxf6 31. Rxf6 Rg7 32. Nd4 Bc8 33. fxe6 fxe6
34. Nxe6+ Bxe6 35. Rxe6 Rd8 36. Rc2+ Kb7 37. Re2 Rd5 38. Re8 Rdd7 39. g4 Kc6 40.
Kg2 Rdf7 41. Re6+ Kd7 42. Rf6 Re7 43. Kf3 Ke8 44. Kf4 Rc7 45. g5 Rc4+ 46. Kf5
Rd7 47. Re6+ Kd8 48. Rd6 Rxd6 49. exd6 Rh4 50. Re3 Kd7 51. Rd3 b5 52. Ke5 Rh5
53. h4 Rxh4 54. Ra3 Rh2 55. Rxa7+ Kd8 56. a3 Rh3 57. Ke6 Re3+ 58. Kd5 Rh3 59.
Kc6 Rc3+ 60. Kxb5 Rg3 61. Rb7 Rxg5+ 62. Kc6 1-0

[Event "London Chess Classic FIDE Open"]
[Site "London ENG"]
[Date "2010.12.13"]
[Round "7"]
[White "Avrukh, Boris"]
[Black "Astaneh Lopez, Alex"]
[Result "1-0"]
[WhiteTitle "GM"]
[BlackTitle "FM"]
[WhiteElo "2625"]
[BlackElo "2405"]
[WhiteFideId "2803895"]
[BlackFideId "2501430"]
[EventDate "2010.12.08"]

1. d4 Nf6 2. c4 g6 3. Nc3 d5 4. Bg5 Ne4 5. Bh4 c5 6. cxd5 Nxc3 7. bxc3 Bg7 8. e4
Qa5 9. Qd2 e6 10. Bc4 exd5 11. Bxd5 Nc6 12. Ne2 O-O 13. Rd1 cxd4 14. cxd4 Qxd2+
15. Rxd2 Nb4 16. Bb3 Re8 17. f3 Bd7 18. a3 Nc6 19. Kf2 Rac8 20. Ba4 a6 21. d5
Ne5 22. Bxd7 Nxd7 23. Rc1 Bh6 24. Rxc8 Rxc8 25. Rd3 Bf8 26. f4 f6 27. Ke3 Rc4
28. Bg3 h5 29. h4 Bd6 30. Kf3 Ra4 31. Re3 Nb6 32. e5 fxe5 33. fxe5 Nxd5 34. exd6
Nf6 35. Be5 Nd7 36. Bd4 1-0

[Event "London Chess Classic FIDE Open"]
[Site "London ENG"]
[Date "2010.12.13"]
[Round "7"]
[White "Hebden, Mark L"]
[Black "Andersen, Mads"]
[Result "1/2-1/2"]
[WhiteTitle "GM"]
[BlackTitle "FM"]
[WhiteElo "2560"]
[BlackElo "2382"]
[WhiteFideId "400084"]
[BlackFideId "1413864"]
[EventDate "2010.12.08"]

1. d4 Nf6 2. Nf3 g6 3. Nc3 d5 4. Bf4 Bg7 5. Qd2 Ne4 6. Nxe4 dxe4 7. Ne5 Nd7 8.
O-O-O O-O 9. Nxd7 Qxd7 10. Bh6 Qd5 11. Bxg7 Kxg7 12. a3 Rd8 13. e3 Bg4 14. c4
Qd6 15. Be2 Bxe2 16. Qxe2 e5 17. Qc2 f5 18. Qc3 exd4 19. Rxd4 Qf6 20. Rhd1 Rxd4
21. Rxd4 Rf8 22. Qa5 Rf7 23. Qxa7 Qh4 24. Rd2 Qxh2 25. Qd4+ Kh6 26. g3 Qg1+ 27.
Kc2 Qf1 28. Kb3 c6 29. Ka2 Qh1 30. c5 Qf3 31. Qe5 Qh1 32. Qe8 Rg7 33. Qf8 Qc1
34. Rd4 Qf1 35. g4 fxg4 36. Qf6 Qh1 37. Qf4+ Kh5 38. Rxe4 Rf7 39. Qxg4+ Kh6 40.
Qh4+ Qxh4 41. Rxh4+ Kg5 42. Rh2 h5 43. b4 h4 44. Kb3 Kg4 45. Rg2+ Kf3 46. Rxg6
Rh7 47. Rg1 h3 48. Ka4 h2 49. Rh1 Kg2 50. Rb1 h1=Q 51. Rxh1 Rxh1 52. Ka5 Kxf2
53. Kb6 Rh7 54. a4 Kxe3 55. b5 Kd4 56. bxc6 bxc6 57. Kxc6 Rh5 58. a5 Rxc5+ 59.
Kb6 Rc1 60. a6 Rb1+ 61. Kc7 Ra1 62. Kb7 Rb1+ 63. Kc7 Ra1 64. Kb7 Kc5 65. a7 Rb1+
66. Kc7 Ra1 67. Kb8 Rb1+ 68. Kc8 Ra1 1/2-1/2

[Event "London Chess Classic FIDE Open"]
[Site "London ENG"]
[Date "2010.12.13"]
[Round "7"]
[White "Wall, Gavin"]
[Black "Gormally, Daniel W"]
[Result "0-1"]
[WhiteTitle "IM"]
[BlackTitle "GM"]
[WhiteElo "2325"]
[BlackElo "2470"]
[WhiteFideId "2501244"]
[BlackFideId "406465"]
[EventDate "2010.12.08"]

1. f4 e5 2. e4 exf4 3. Nf3 d5 4. exd5 Nf6 5. Bc4 Nxd5 6. Bxd5 Qxd5 7. Nc3 Qf5 8.
O-O Bd6 9. Qe2+ Be6 10. Qb5+ Qxb5 11. Nxb5 h6 12. d4 g5 13. Re1 Kd7 14. b3 Nc6
15. c4 Bg4 16. Bb2 Rhe8 17. Nxd6 cxd6 18. Bc3 Bxf3 19. gxf3 d5 20. Kf2 Ne7 21.
Bb4 Nf5 22. cxd5 Ne3 23. Bd2 Nc2 24. Rxe8 Rxe8 25. Rd1 Kd6 26. Rc1 Rc8 27. Bb4+
Kxd5 28. Be7 Rc6 29. h4 Nxd4 30. Rxc6 Nxc6 31. Bf6 gxh4 32. Bxh4 Kd4 33. Bf6+
Kd3 0-1

[Event "London Chess Classic FIDE Open"]
[Site "London ENG"]
[Date "2010.12.13"]
[Round "7"]
[White "Grover, Sahaj"]
[Black "Gupta, Abhijeet"]
[Result "1/2-1/2"]
[WhiteTitle "IM"]
[BlackTitle "GM"]
[WhiteElo "2432"]
[BlackElo "2600"]
[WhiteFideId "5021103"]
[BlackFideId "5010608"]
[EventDate "2010.12.08"]

1. e4 c5 2. Nf3 d6 3. d4 cxd4 4. Nxd4 Nf6 5. Nc3 Nc6 6. Bg5 e6 7. Qd2 a6 8.
O-O-O Bd7 9. f3 Be7 10. Be3 O-O 11. Kb1 b5 12. Nxc6 Bxc6 13. Ne2 Bb7 14. Nd4 Nd7
15. Bd3 Ne5 16. Qe2 Rc8 17. f4 Nc4 18. Bc1 Qb6 19. Nf3 a5 20. e5 dxe5 21. Nxe5
Nxe5 22. fxe5 b4 23. h4 a4 24. Bg5 Qc7 25. Bf6 Rfd8 26. Qg4 Bxf6 27. exf6 g6 28.
Qxb4 Rb8 29. Qd2 Qe5 30. Qg5 Qxg5 31. hxg5 Bxg2 32. Rh4 a3 33. b3 h5 34. gxh6
Kh7 35. Rg1 Bc6 36. Kc1 Rd6 37. Rg5 Re8 38. Re5 Rd5 39. Rxd5 exd5 40. b4 Re1+
41. Kd2 Rb1 42. Kc3 Bd7 43. Bxg6+ fxg6 44. Rf4 d4+ 45. Kd2 Be6 46. f7 Bxf7 47.
Rxf7+ Kxh6 48. Rf3 1/2-1/2

[Event "London Chess Classic FIDE Open"]
[Site "London ENG"]
[Date "2010.12.13"]
[Round "7"]
[White "Barle, Janez"]
[Black "Greenfeld, Alon"]
[Result "1/2-1/2"]
[WhiteTitle "IM"]
[BlackTitle "GM"]
[WhiteElo "2403"]
[BlackElo "2564"]
[WhiteFideId "14600021"]
[BlackFideId "2800039"]
[EventDate "2010.12.08"]

1. e4 c5 2. Nc3 Nc6 3. g3 g6 4. Bg2 Bg7 5. d3 d6 6. Nge2 e5 7. Nd5 Nge7 8. Bg5
Qa5+ 9. Bd2 Qd8 10. Bg5 Qa5+ 11. Bd2 1/2-1/2

[Event "London Chess Classic FIDE Open"]
[Site "London ENG"]
[Date "2010.12.13"]
[Round "7"]
[White "Llaneza Vega, Marcos"]
[Black "Cox, John J"]
[Result "1/2-1/2"]
[WhiteTitle "IM"]
[BlackTitle "IM"]
[WhiteElo "2479"]
[BlackElo "2398"]
[WhiteFideId "2253585"]
[BlackFideId "401064"]
[EventDate "2010.12.08"]

1. e4 e5 2. Nf3 Nc6 3. Bb5 Nf6 4. O-O Nxe4 5. d4 Nd6 6. dxe5 Nxb5 7. a4 Nbd4 8.
Nxd4 Nxd4 9. Qxd4 d5 10. Nc3 c6 11. Qd3 Qd7 12. b3 Qf5 13. Qd2 Be6 14. Bb2 Bb4
15. Qe2 Qg4 16. a5 Bxc3 17. Qxg4 Bxg4 18. Bxc3 Bf5 1/2-1/2

[Event "London Chess Classic FIDE Open"]
[Site "London ENG"]
[Date "2010.12.13"]
[Round "7"]
[White "Hennigan, Michael T"]
[Black "McDonald, Neil"]
[Result "0-1"]
[WhiteTitle "IM"]
[BlackTitle "GM"]
[WhiteElo "2388"]
[BlackElo "2449"]
[WhiteFideId "400858"]
[BlackFideId "400629"]
[EventDate "2010.12.08"]

1. g3 f5 2. Bg2 Nf6 3. c4 g6 4. Nc3 Bg7 5. d3 d6 6. e4 O-O 7. Nge2 fxe4 8. dxe4
c5 9. O-O Nc6 10. h3 e5 11. f4 Be6 12. Nd5 Qd7 13. Kh2 Rae8 14. Nec3 exf4 15.
gxf4 Nd4 16. Be3 Nh5 17. Qd2 Rf7 18. Rab1 Ref8 19. b4 b6 20. bxc5 bxc5 21. Rf2
Qd8 22. Rbf1 Qh4 23. Nb5 Bxh3 24. Rh1 Bxg2+ 25. Kxg2 Qg4+ 26. Kf1 Ng3+ 0-1

[Event "London Chess Classic FIDE Open"]
[Site "London ENG"]
[Date "2010.12.13"]
[Round "7"]
[White "Radovanovic, Jovica"]
[Black "Summerscale, Aaron P"]
[Result "0-1"]
[WhiteTitle "FM"]
[BlackTitle "GM"]
[WhiteElo "2276"]
[BlackElo "2434"]
[WhiteFideId "915912"]
[BlackFideId "400980"]
[EventDate "2010.12.08"]

1. e4 e6 2. d4 d5 3. Nc3 Nf6 4. e5 Nfd7 5. f4 c5 6. Nf3 Nc6 7. Be3 a6 8. Qd2 b5
9. dxc5 Bxc5 10. Bxc5 Nxc5 11. Qf2 Qb6 12. Bd3 b4 13. Ne2 a5 14. O-O Ba6 15. Kh1
Na4 16. Qg3 g6 17. Ng5 Nxb2 18. Nxf7 Kxf7 19. f5 exf5 20. Bxf5 Kg7 21. Bxg6 hxg6
22. Rf6 Rxh2+ 23. Qxh2 Bxe2 24. Rf4 Nd1 25. e6 Nf2+ 26. Rxf2 Qxf2 27. Qc7+ Kh6
28. Qxc6 Rh8 0-1

[Event "London Chess Classic FIDE Open"]
[Site "London ENG"]
[Date "2010.12.13"]
[Round "7"]
[White "Thorhallsson, Throstur"]
[Black "Hanley, Craig A"]
[Result "1/2-1/2"]
[WhiteTitle "GM"]
[BlackTitle "IM"]
[WhiteElo "2367"]
[BlackElo "2428"]
[WhiteFideId "2300109"]
[BlackFideId "408514"]
[EventDate "2010.12.08"]

1. e4 c5 2. Nf3 d6 3. d4 cxd4 4. Nxd4 Nf6 5. Nc3 a6 6. Bg5 e6 7. f4 h6 8. Bh4
Be7 9. Qf3 Nbd7 10. O-O-O Qc7 11. Bd3 g5 12. fxg5 Ne5 13. Qe2 Nfg4 14. h3 hxg5
15. Bg3 Nf6 16. Rhf1 b5 17. a3 Rb8 18. Na2 Bb7 19. Kb1 Nh5 20. Bh2 Nf4 21. Qd2
Nfg6 22. Bg3 Qc5 23. Bf2 Nc4 24. Qc3 Qc8 25. Nf3 Nce5 26. Qd2 Nxf3 27. gxf3 Rxh3
28. Ba7 Ra8 29. Be3 f6 30. Qg2 Rh4 31. Nc3 Kf7 32. Ne2 Qh8 33. Bg1 Ne5 34. Qf2
Bc6 35. Qe1 Rh1 36. Nd4 Bd7 37. Be2 Qb8 38. Qg3 Qh8 39. Qe1 Rc8 40. Qa5 Ra8 1/2-1/2

[Event "London Chess Classic FIDE Open"]
[Site "London ENG"]
[Date "2010.12.13"]
[Round "7"]
[White "Crouch, Colin S"]
[Black "Roy Chowdhury, Saptarshi"]
[Result "1-0"]
[WhiteTitle "IM"]
[BlackTitle "IM"]
[WhiteElo "2335"]
[BlackElo "2448"]
[WhiteFideId "400947"]
[BlackFideId "5002974"]
[EventDate "2010.12.08"]

1. d4 Nf6 2. Nf3 c5 3. d5 d6 4. Nc3 g6 5. e4 Bg7 6. Be2 O-O 7. O-O a6 8. a4 e6
9. Nd2 exd5 10. exd5 Nbd7 11. Nc4 Ne8 12. a5 Rb8 13. Bf4 Ndf6 14. Qd2 Qc7 15.
Rfe1 Bd7 16. Bf3 Bb5 17. Nxb5 axb5 18. Na3 Qd7 19. c4 bxc4 20. Nxc4 Rd8 21. h3
Qb5 22. Rac1 Nd7 23. Bg5 Bf6 24. Bh6 Ne5 25. Nxe5 Bxe5 26. Bxf8 Kxf8 27. Rc2 Ra8
28. Ra1 Kg7 29. Be2 Qd7 30. Ra3 Nf6 31. Qd3 Bd4 32. Bf3 Ne8 33. b4 Nc7 34. bxc5
dxc5 35. Qb3 Ne8 36. Bg4 Qe7 37. Re2 Qc7 38. Raa2 h5 39. Bf3 Nd6 40. Qb6 Qd7 41.
a6 bxa6 42. Qc6 Qd8 43. Rxa6 Rxa6 44. Qxa6 c4 45. g3 c3 46. Qd3 Bf6 47. Ra2 Qc7
48. Bd1 h4 49. g4 Be5 50. Ra6 Qe7 51. Rc6 Qf6 52. Qf3 Qe7 53. Bb3 Qg5 54. Qe3
Qf6 55. Bc2 Kh7 56. g5 Qf4 57. Qxf4 Bxf4 58. Kg2 1-0

[Event "London Chess Classic FIDE Open"]
[Site "London ENG"]
[Date "2010.12.13"]
[Round "7"]
[White "Zhou, Yang-Fan"]
[Black "Arkell, Keith C"]
[Result "0-1"]
[WhiteTitle "FM"]
[BlackTitle "GM"]
[WhiteElo "2326"]
[BlackElo "2431"]
[WhiteFideId "468584"]
[BlackFideId "400270"]
[EventDate "2010.12.08"]

1. e4 c6 2. d4 d5 3. e5 c5 4. c4 cxd4 5. Nf3 e6 6. Nxd4 Nc6 7. Nc3 Bc5 8. Nxc6
bxc6 9. Qg4 g6 10. Bd3 h5 11. Qf4 Nh6 12. O-O Nf5 13. Bxf5 gxf5 14. cxd5 cxd5
15. Nb5 Rb8 16. Nd6+ Kf8 17. Bd2 f6 18. Rac1 Bxd6 19. exd6 e5 20. Qa4 Rh7 21.
Qa3 Kg8 22. Ba5 Qe8 23. Rc7 Bd7 24. f4 Rg7 25. Rf3 h4 26. Rxa7 Qg6 27. Rf2 Qh5
28. Qd3 d4 29. b4 Kh8 30. fxe5 Bb5 31. Rxf5 Rxg2+ 32. Kh1 Rg1+ 33. Kxg1 Qg4+ 0-1

[Event "London Chess Classic FIDE Open"]
[Site "London ENG"]
[Date "2010.12.13"]
[Round "7"]
[White "Slavin, Alexei"]
[Black "Dukaczewski, Piotr"]
[Result "0-1"]
[WhiteTitle "IM"]
[BlackTitle "IM"]
[WhiteElo "2425"]
[BlackElo "2297"]
[WhiteFideId "24104388"]
[BlackFideId "1103520"]
[EventDate "2010.12.08"]

1. d4 d5 2. c4 dxc4 3. Nf3 Nf6 4. e3 e6 5. Bxc4 c5 6. O-O a6 7. Bb3 Nc6 8. Nc3
Be7 9. Qe2 cxd4 10. Rd1 e5 11. exd4 exd4 12. Be3 Bg4 13. h3 Bxf3 14. Qxf3 O-O
15. Ne2 Bc5 16. Bg5 Re8 17. Ng3 Ne5 18. Qxb7 Ra7 19. Bxf6 Qxf6 20. Qd5 Bb6 21.
Qe4 Rae7 22. Nf5 g6 23. Nxe7+ Rxe7 24. Rac1 d3 25. Rd2 Ba5 26. Rdd1 d2 27. Rc8+
Kg7 28. Kf1 Nd3 29. Qe2 Rxe2 30. Kxe2 Nf4+ 31. Ke3 Nxg2+ 32. Kd3 Qf5+ 0-1

[Event "London Chess Classic FIDE Open"]
[Site "London ENG"]
[Date "2010.12.13"]
[Round "7"]
[White "Getz, Nicolai"]
[Black "Wohl, Aleksandar H."]
[Result "1-0"]
[BlackTitle "IM"]
[WhiteElo "2317"]
[BlackElo "2424"]
[WhiteFideId "1505572"]
[BlackFideId "3200345"]
[EventDate "2010.12.08"]

1. e4 Nf6 2. e5 Nd5 3. c4 Nb6 4. d4 d6 5. exd6 exd6 6. Nc3 Nc6 7. d5 Ne5 8. Be2
g6 9. f4 Ned7 10. Qd4 Nf6 11. Nf3 Bg7 12. Qe3+ Kf8 13. O-O h6 14. Bd3 c6 15.
dxc6 bxc6 16. Qd2 Kg8 17. b3 d5 18. cxd5 Nbxd5 19. Ne5 Ng4 20. Nxd5 Nxe5 21.
fxe5 cxd5 22. Bb2 Be6 23. Bd4 Kh7 24. b4 Re8 25. a4 Qb8 26. Qb2 a5 27. b5 Bf8
28. Rac1 Bb4 29. Rc6 Qb7 30. Rf6 Qd7 31. Qc2 1-0

[Event "London Chess Classic FIDE Open"]
[Site "London ENG"]
[Date "2010.12.13"]
[Round "7"]
[White "Ansell, Simon T"]
[Black "Afek, Yochanan"]
[Result "1-0"]
[WhiteTitle "IM"]
[BlackTitle "IM"]
[WhiteElo "2417"]
[BlackElo "2283"]
[WhiteFideId "402141"]
[BlackFideId "2800462"]
[EventDate "2010.12.08"]

1. e4 c5 2. Nf3 Nf6 3. e5 Nd5 4. Nc3 e6 5. Nxd5 exd5 6. d4 Nc6 7. c3 d6 8. Bb5
cxd4 9. Qxd4 a6 10. Bxc6+ bxc6 11. O-O Be6 12. exd6 Qxd6 13. Bf4 Qd7 14. Ne5 Qb7
15. Nd3 f6 16. Rfe1 Kf7 17. Re3 Bf5 18. c4 Rd8 19. Rae1 Bxd3 20. Qxd3 Bc5 21.
R3e2 g6 22. b4 Bd6 23. Bxd6 Rxd6 24. c5 Rd7 25. Qd4 Rf8 26. Re6 Kg7 27. g4 h6
28. h4 g5 29. h5 Qb5 30. Rc1 Rdf7 31. Rc3 Qa4 32. Rf3 a5 33. a3 axb4 34. axb4
Qa8 35. Kg2 Qc8 36. Rd6 Kh7 37. Qd3+ f5 38. Rxf5 Rxf5 39. gxf5 Kg7 40. Rg6+ Kh7
41. Qd4 Rf7 42. Qe5 d4 43. Re6 Qd7 44. Kg3 d3 45. Rxh6+ Kxh6 46. Qh8+ Rh7 47.
Qf6+ 1-0